000 01500nam a2200241 a 4500
008 120416s1981 ||||||||||||||||| || u
020 _a0273016423
050 _aTA 439 Nev
100 _aNeville, Adam M
245 1 0 _aProperties of concrete
250 _a3rd. ed.
260 _aLondon
_bPitman
_c1981
300 _aviii, 779p. : ill
350 _a0.00
500 _a13 copies in SBE LIBRARY
995 _aMAIN LIBRARY OPEN ACCESS
_D0.00
_e713897
_FCBU-MAIN LIBRARY (Kitwe)
_H2
_I12.95
_jTA 439 Nev
_M2
_UAVAILABLE
_y014889
_ZMain Library Open Access Collection
995 _aTEXTBOOKS (SBE)
_D0.00
_e5369
_FCBU-SCHOOL TEXTBOOK COLLECTIONS
_H1
_I0.00
_jSCHOOL TEXTBOOK
_M4
_UAVAILABLE
_WSep 8, 2009
_y5369
_ZSchool Collections
995 _aTEXTBOOKS (SBE)
_D0.00
_e5368
_FCBU-SCHOOL TEXTBOOK COLLECTIONS
_H1
_I0.00
_jSCHOOL TEXTBOOK
_M3
_UAVAILABLE
_WSep 8, 2009
_y5368
_ZSchool Collections
995 _aTEXTBOOKS (SBE)
_D0.00
_e5370
_FCBU-SCHOOL TEXTBOOK COLLECTIONS
_H1
_I0.00
_jSCHOOL TEXTBOOK
_M5
_UAVAILABLE
_WSep 8, 2009
_y5370
_ZSchool Collections
995 _aTEXTBOOKS (SBE)
_D0.00
_e5372
_FCBU-SCHOOL TEXTBOOK COLLECTIONS
_H1
_I0.00
_jSCHOOL TEXTBOOK
_M7
_UAVAILABLE
_WSep 8, 2009
_y5372
_ZSchool Collections
995 _aMAIN LIBRARY OPEN ACCESS
_D0.00
_e713896
_FCBU-MAIN LIBRARY (Kitwe)
_H1
_I12.95
_jTA 439 Nev
_M1
_UAVAILABLE
_y014888
_ZMain Library Open Access Collection
995 _aTEXTBOOKS (SBE)
_D0.00
_e5371
_FCBU-SCHOOL TEXTBOOK COLLECTIONS
_H1
_I0.00
_jSCHOOL TEXTBOOK
_M6
_UAVAILABLE
_WSep 8, 2009
_y5371
_ZSchool Collections
999 _c77097
_d77097